Rast a rodivosť viniča vo vinohradoch na sterasovaných svahoch (1)

Bibliographic Details
Main Author: Ochaba, Rudolf, 1926- (Author)
Format: Article
Language:Slovak
PhysicalDescription:Tb. 2.
Subjects:

MARC

LEADER 00000nab a2200000 a 4500
001 vtls000326460
003 SK-MaSNL
005 20260302225926.0
008 111201c1988 xo 0 slo
015 |a SNBRB19rr/mm-uuuuu 
035 |a CL0326582 
040 |a SNKBUCL  |b slo  |c SNKBUCL  |e AACR2 
041 0 |a slo 
044 |a xo  |c SK 
080 |a 634.8.07:631.547  |2 1981 
080 |a 631.547  |2 1981 
100 1 |a Ochaba, Rudolf,  |d 1926-  |4 aut  |9 183469 
245 1 0 |a Rast a rodivosť viniča vo vinohradoch na sterasovaných svahoch (1)  |c Rudolf Ochaba 
300 |b Tb. 2. 
650 0 7 |a vinič hroznorodý  |2 snkbucl  |9 15944 
655 7 |a články z novín a časopisov  |2 snkbucl  |9 267496 
773 0 |t Vinohrad  |g Roč. 26, č. 7 (1988), s. 149-150 
850 |a Slovenská národná knižnica v Martine  |a MTA001 
852 |a SNK  |b KIS3GCP 
958 |a RK 
992 |a RBX 
999 |c 1531379  |d 1533309